The book of architecture /
| Main Author: | |
|---|---|
| Other Authors: | |
| Format: | Book |
| Language: | English Dutch Italian |
| Published: |
New York :
B. Blom,
1970.
|
| Subjects: |
MARC
| Tag | First Indicator | Second Indicator | Subfields |
|---|---|---|---|
| LEADER | 00000cam a2200000 4500 | ||
| 001 | in00000200032 | ||
| 005 | 20151009052629.0 | ||
| 008 | 700528r19701611nyuae b 00010 eng | ||
| 010 | |a 68056509 | ||
| 035 | |a (OCoLC)00076748 | ||
| 035 | |9 AAW1411AM | ||
| 040 | |a DLC |c DLC |d TXA |d UtOrBLW | ||
| 041 | 1 | |a eng |a dut |a ita | |
| 049 | |a [Folio] TXAM |c [642893] | ||
| 050 | 0 | 0 | |a NA2517 |b .S5 1970 |
| 082 | 0 | |a 720 | |
| 100 | 1 | |a Serlio, Sebastiano, |d 1475-1554. | |
| 240 | 1 | 0 | |a Architettura. English |
| 245 | 1 | 4 | |a The book of architecture / |c by Sebastiano Serlio, London, 1611. Introd. by A. E. Santaniello. |
| 264 | 1 | |a New York : |b B. Blom, |c 1970. | |
| 300 | |a 1 volume (unpaged) : |b illustrations, plans. ; |c 37 cm. | ||
| 336 | |a text |b txt |2 rdacontent | ||
| 337 | |a unmediated |b n |2 rdamedia | ||
| 338 | |a volume |b nc |2 rdacarrier | ||
| 500 | |a A facsim. of the 1611 edition, with a new introduction, bibliography, and publisher's note, published under title: The first[-fift] booke of architecture. | ||
| 505 | 0 | |a The first booke of architecture, entreating of geometrie.--The second booke of architecture, entreating of perspectiue ...--The third booke, intreating of all kind of excellent antiquities ...--The fourth booke, rules for masontry ...--The fift booke of architecture, wherein there are set downe certayne formes of temples, according to the ancient maner; and also seruing for Christians. | |
| 650 | 0 | |a Architecture |v Early works to 1800. | |
| 700 | 1 | |a Santaniello, A. E. | |
| 999 | |a MARS | ||
| 999 | f | f | |s 861ea8bd-0bfb-39b0-8650-59a79c850682 |i d2572a09-9238-3aeb-aeee-a612f68a0fd5 |t 0 |
| 952 | f | f | |p ric |a Texas A&M University |b Rellis Campus |c Joint Library Facility |d Remote Storage |t 0 |e NA2517 .S5 1970 |f Oversize |h Library of Congress classification |i unmediated -- volume |m A14805835619 |
| 998 | f | f | |a NA2517 .S5 1970 |t 0 |l Remote Storage |